Mobile robots : (Record no. 189235)
[ view plain ]
| 000 -LEADER | |
|---|---|
| fixed length control field | 01044 a2200205 4500 |
| 003 - CONTROL NUMBER IDENTIFIER | |
| control field | Nust |
| 005 - DATE AND TIME OF LATEST TRANSACTION | |
| control field | 20221007160446.0 |
| 010 ## - LIBRARY OF CONGRESS CONTROL NUMBER | |
| LC control number | 2010046371 |
| 020 ## - INTERNATIONAL STANDARD BOOK NUMBER | |
| International Standard Book Number | 9780470630211 (hardback) |
| 040 ## - CATALOGING SOURCE | |
| Transcribing agency | Nust |
| 082 00 - DEWEY DECIMAL CLASSIFICATION NUMBER | |
| Classification number | 629.8932,COO |
| 100 1# - MAIN ENTRY--PERSONAL NAME | |
| Personal name | Cook, Gerald, |
| 9 (RLIN) | 99498 |
| 245 10 - TITLE STATEMENT | |
| Title | Mobile robots : |
| Remainder of title | navigation, control and remote sensing / |
| Statement of responsibility, etc. | Gerald Cook. |
| 260 ## - PUBLICATION, DISTRIBUTION, ETC. | |
| Place of publication, distribution, etc. | Hoboken, N.J. : |
| Name of publisher, distributor, etc. | Wiley-IEEE Press, |
| Date of publication, distribution, etc. | 2011. |
| 300 ## - PHYSICAL DESCRIPTION | |
| Extent | xvi,307.p; |
| 505 ## - FORMATTED CONTENTS NOTE | |
| Formatted contents note | Kinematic Models for Mobile Robots (Page-1), Mobile Robot Control (Page-11), Robot Attitude (Page-79), Robot Navigation (Page-95), Application of Kalman Filtering (Page-149), Remote Sensing (Page-191),Target Tracking Including Multiple Targets with Multiple Sensors (Page-225),Obstacle Mapping and its Application to Robot Navigation (Page-247), Operating a Robotic Manipulator (Page-265), Remote Sensing via UAVS (Page-295). |
| 650 #0 - SUBJECT ADDED ENTRY--TOPICAL TERM | |
| Topical term or geographic name entry element | TECHNOLOGY & ENGINEERING / Remote Sensing & Geographic Information Systems |
| 9 (RLIN) | 99499 |
| 650 #0 - SUBJECT ADDED ENTRY--TOPICAL TERM | |
| Topical term or geographic name entry element | Telecommunication Engineering |
| 942 ## - ADDED ENTRY ELEMENTS (KOHA) | |
| Koha item type | Reference |
| Source of classification or shelving scheme | |
| Withdrawn status | Lost status | Source of classification or shelving scheme | Damaged status | Not for loan | Permanent Location | Current Location | Shelving location | Date acquired | Full call number | Barcode | Date last seen | Price effective from | Koha item type | Public note |
|---|---|---|---|---|---|---|---|---|---|---|---|---|---|---|
| Military College of Signals (MCS) | Military College of Signals (MCS) | Reference | 12/12/2016 | 629.8932,COO | MCS35010 | 12/08/2016 | 12/12/2016 | Reference | Almirah No.24, Shelf No.4 |
